000 00616nam a2200181Ia 4500
003 GCL
008 140319s9999 xx 000 0 ara d
040 _aGCL /
_cGCL
082 0 4 _a133.42
_bر ج
100 1 _aراجى الاسمر
245 1 0 _aالجن حقيقتهم التحصن منهم - علاج المصروع /
_cراجى الاسمر
260 _a[S.N] :
_bجروس برس ،
_c1991
490 _a
650 0 4 _aالشياطين والجان
650 0 4 _aالشياطين والجان فى الدين والفلكلور
650 0 4 _aالشياطين والجان فى الادب
942 _2ddc
_cBK
999 _c39659
_d39659